<?xml version="1.0" encoding="UTF-8"?>
<collection xmlns="http://www.loc.gov/MARC21/slim">
 <record>
  <leader>00691nam a2200193   4500</leader>
  <controlfield tag="001">1/15246</controlfield>
  <controlfield tag="008">990316s1963    gw b     0    01 10 eng d</controlfield>
  <datafield tag="035" ind1=" " ind2=" ">
   <subfield code="l">15740</subfield>
  </datafield>
  <datafield tag="040" ind1=" " ind2=" ">
   <subfield code="a">DLC</subfield>
   <subfield code="c">GR-PeUP</subfield>
  </datafield>
  <datafield tag="082" ind1="0" ind2="0">
   <subfield code="a">387.502 5 TH</subfield>
  </datafield>
  <datafield tag="100" ind1="1" ind2=" ">
   <subfield code="a">Theel,</subfield>
   <subfield code="b">Gustav Adolf.</subfield>
  </datafield>
  <datafield tag="245" ind1="1" ind2="4">
   <subfield code="a">The world shipping scene:</subfield>
   <subfield code="b">atlas of shipping, shipbuilding, seaports and sea borne trade/</subfield>
   <subfield code="c">by Gustav Adolf Theel</subfield>
  </datafield>
  <datafield tag="260" ind1=" " ind2=" ">
   <subfield code="a">Munich:</subfield>
   <subfield code="b">Weststad-Verlag,</subfield>
   <subfield code="c">1963</subfield>
  </datafield>
  <datafield tag="300" ind1=" " ind2=" ">
   <subfield code="a">1 v. (varius pagings) :</subfield>
   <subfield code="b">col. maps ;</subfield>
   <subfield code="c">31cm.</subfield>
  </datafield>
  <datafield tag="650" ind1=" " ind2="4">
   <subfield code="a">Harbors</subfield>
   <subfield code="b">Maps.</subfield>
  </datafield>
  <datafield tag="650" ind1=" " ind2="4">
   <subfield code="a">Shipyards</subfield>
   <subfield code="x">Maps.</subfield>
  </datafield>
  <datafield tag="650" ind1=" " ind2="4">
   <subfield code="a">Shipping</subfield>
   <subfield code="x">Maps.</subfield>
  </datafield>
  <datafield tag="710" ind1="2" ind2=" ">
   <subfield code="a">Institute for Shipping Research.</subfield>
  </datafield>
  <datafield tag="852" ind1=" " ind2=" ">
   <subfield code="a">INST</subfield>
   <subfield code="b">UNIPILB</subfield>
   <subfield code="c">MAIN</subfield>
   <subfield code="e">20040709</subfield>
   <subfield code="h">387.502 5 TH</subfield>
   <subfield code="p">00131890</subfield>
   <subfield code="q">00131890</subfield>
   <subfield code="t">LOAN</subfield>
   <subfield code="y">0</subfield>
   <subfield code="4">1</subfield>
  </datafield>
 </record>
</collection>
